| Tag |
First Indicator |
Second Indicator |
Subfields |
| LEADER |
00000cam a2200000 a 4500 |
| 001 |
in00002000997 |
| 005 |
20151031125417.0 |
| 008 |
040204s2004 paua b s001 0 eng |
| 010 |
|
|
|a 2004043009
|
| 020 |
|
|
|a 0812238133 (acid-free paper)
|
| 035 |
|
|
|a (OCoLC)ocm54425142
|
| 040 |
|
|
|a DLC
|c DLC
|d UtOrBLW
|
| 043 |
|
|
|a e-uk-en
|a e-uk---
|
| 049 |
|
|
|a TXAM
|
| 050 |
0 |
0 |
|a PR878.D377
|b D45 2004
|
| 082 |
0 |
0 |
|a 823/.809358
|2 22
|
| 100 |
1 |
|
|a Dellamora, Richard.
|
| 245 |
1 |
0 |
|a Friendship's bonds :
|b democracy and the novel in Victorian England /
|c Richard Dellamora.
|
| 264 |
|
1 |
|a Philadelphia :
|b University of Pennsylvania Press,
|c [2004]
|
| 264 |
|
4 |
|c ©2004
|
| 300 |
|
|
|a 252 pages :
|b illustrations ;
|c 24 cm.
|
| 336 |
|
|
|a text
|b txt
|2 rdacontent
|
| 337 |
|
|
|a unmediated
|b n
|2 rdamedia
|
| 338 |
|
|
|a volume
|b nc
|2 rdacarrier
|
| 504 |
|
|
|a Includes bibliographical references (pages [221]-239) and index.
|
| 650 |
|
0 |
|a English fiction
|y 19th century
|x History and criticism.
|
| 650 |
|
0 |
|a Democracy in literature.
|
| 650 |
|
0 |
|a Politics and literature
|z Great Britain
|x History
|y 19th century.
|
| 650 |
|
0 |
|a Literature and society
|z England
|x History
|y 19th century.
|
| 650 |
|
0 |
|a Political fiction, English
|x History and criticism.
|
| 650 |
|
0 |
|a Judaism and literature
|z England.
|
| 650 |
|
0 |
|a Citizenship in literature.
|
| 650 |
|
0 |
|a Friendship in literature.
|
| 650 |
|
0 |
|a Mentoring in literature.
|
| 650 |
|
0 |
|a Jews in literature.
|
| 856 |
4 |
1 |
|3 Table of contents
|u http://www.loc.gov/catdir/toc/fy051/2004043009.html
|t 0
|
| 945 |
|
|
|i PromptCat
|
| 948 |
|
|
|a cataloged
|b h
|c 2004/11/8
|d c
|e cmulkey
|f 12:32:37 pm
|
| 994 |
|
|
|a 92
|b TXA
|
| 999 |
|
|
|a MARS
|
| 999 |
f |
f |
|s 51b0c2e1-d5c6-3d7e-964e-f3d2173a4137
|i 25b2a2a0-9998-3384-8ce6-bdab81a7d054
|t 0
|
| 952 |
f |
f |
|p normal
|a Texas A&M University
|b College Station
|c Sterling C. Evans Library
|d Evans: Library Stacks
|t 0
|e PR878.D377 D45 2004
|h Library of Congress classification
|i unmediated -- volume
|m A14831599568
|
| 998 |
f |
f |
|a PR878.D377 D45 2004
|t 0
|l Evans: Library Stacks
|